| 000 | 00545nam a2200217Ia 4500 | ||
|---|---|---|---|
| 008 | 160803s9999 xx 000 0 und d | ||
| 020 | _a0 439848318 | ||
| 100 | _aMiller, David | ||
| 245 | _aJust like you and me / | ||
| 245 | _cDavid Miller. | ||
| 260 | _aNew York : | ||
| 260 | _bScholastic Inc. | ||
| 260 | _c1999 | ||
| 300 | _a30 unnumbered pages ; | ||
| 300 | _c30 cm | ||
| 650 | _aAnimals -- | ||
| 650 | _aPsychology, Comparative -- | ||
| 650 | _xHabits and behavior. | ||
| 650 | _xJuvenile literature. | ||
| 700 | _a190 | ||
| 999 |
_c298833 _d298833 |
||